WORD CHAIN – French, Italian, German (#2) - Statistics

General Stats
  • This quiz has been taken 180 times
  • The average score is 9 of 24
Answer Stats
Clue Answer % Correct
Italian for “thank you” grazie
77%
French for “Saturday” samedi
72%
Italian for “always” sempre
62%
German for “but” aber
61%
French for “month” mois
59%
French for “soap” savon
51%
Italian for “naturally” naturalmente
49%
German for “once” einmal
46%
French for “useful” utile
44%
German for “easy” einfach
43%
French for “bean” haricot
42%
German for “something” etwas
39%
French for “length” longueur
32%
Italian for “to cut” tagliare
32%
French for “to slow down” ralentir
31%
German for “orange tree” Orangenbaum
30%
Italian name of the artist Raphael Raffaello Sanzio da Urbino
29%
Italian for “electricity” elettricità
28%
Italian word for the Renaissance Rinascimento
28%
German for “openly” or “in public” öffentlich
23%
German for “influence” Einfluss
21%
Italian word for a theatrical entrepreneur (such as Diaghilev) impresario
15%
French for “herring” hareng
12%
Bavarian town famous for its passion play held every 10 years Oberammergau
5%
No matching quizzes found
Score Distribution
Percent of People with Each Score
Percentile by Number Answered
Your Score History
You have not taken this quiz